000 00456nam a2200193Ia 4500
005 20250423100006.0
008 250422s9999 xx 000 0 und d
020 _a9781405177221
050 _aRC 346 .G56/
100 _aGinsberg, Lionel.
245 0 _aLecture Notes: Neurology
250 _a9th ed.
260 _aNew Delhi
260 _bWILEY-BLACKWELL
260 _c2010
300 _a200 p
650 _aNervous System Diseases.
942 _cBK
999 _c31962
_d31962